000 00417nam a2200133Ia 4500
008 220216s9999 xx 000 0 und d
100 _aMcCullouch G C
245 0 _aHighlands research unit ethrel trials: Preliminary results
260 _bProceedings of the RRIM Planters Conference, Kuala Lumpur, 1971; p118-125
650 _aEthrel stimulant
650 _aTapping system
700 _aVanialingam T
942 _cJS
999 _c60421
_d60421